000 00495nam a2200181 4500
003 OSt
005 20160513151347.0
008 160513b xxu||||| |||| 00| 0 eng d
040 _c040a
082 _a330
_bHOO 1948
100 _aHoover, Edgar M
_98768
245 _aThe location of economic activity /
_cEdgar M. Hoover
260 _aNew York
_bMc-Graw Hill book company
_c1948
300 _axv, 310p;
_bill :
_c10 cm
504 _aIncludes index
650 _aEconomy
_91048
942 _2ddc
_cSLOAN
999 _c4018
_d4018